MCU Characters Quiz - Statistics

General Stats
  • This quiz has been taken 126 times
  • The average score is 48 of 117
Answer Stats
Character First Appearance % Correct
Tony Stark / Iron Man Iron Man
98%
Bruce Banner / The Hulk The Incredible Hulk
92%
Steve Rogers / Captain America Captain America: The First Avenger
92%
Ant-Man Ant-Man
90%
Loki Laufeyson Thor
90%
Pepper Potts / Rescue Iron Man
90%
Thor Odinson Thor
90%
Winter Soldier Captain America: The First Avenger
90%
Hank Pym Ant-Man
87%
James "Rhodey" Rhodes / War Machine / Iron Patriot Iron Man
87%
Natasha Romanoff / Black Widow Iron Man 2
87%
Star-Lord Guardians of the Galaxy
87%
Wasp Ant-Man
87%
Gamora Guardians of the Galaxy
86%
Groot Guardians of the Galaxy
86%
Nick Fury Iron Man
86%
Odin Borson Thor
81%
Drax Guardians of the Galaxy
79%
Nebula Guardians of the Galaxy
79%
Thanos Guardians of the Galaxy
79%
Jane Foster Thor
78%
Happy Hogan Iron Man
75%
Doctor Strange Doctor Strange
73%
Falcon Captain America: The Winter Soldier
73%
Clint Barton / Hawkeye Thor
70%
Black Panther Captain America: Civil War
68%
Agent Peggy Carter Captain America: The First Avenger
67%
Agent Phil Coulson Iron Man
67%
Spider-Man Captain America: Civil War
67%
Ultron Avengers: Age of Ultron
67%
Johann Schmidt / Red Skull Captain America: The First Avenger
65%
Scarlet Witch Captain America: The Winter Soldier
65%
Obadiah Stane / Iron Monger Iron Man
62%
Mantis Guardians of the Galaxy Vol. 2
60%
Rocket Racoon Guardians of the Galaxy
59%
Maria Hill The Avengers
57%
General Thaddeus Ross The Incredible Hulk
56%
Ivan Antonovich Vanko / Whiplash Iron Man 2
56%
Heimdall Thor
54%
Yondu Guardians of the Galaxy
54%
Quicksilver Captain America: The Winter Soldier
52%
Darcy Lewis Thor
51%
Howard Stark Captain America: The First Avenger
51%
Sif Thor
51%
Vision Avengers: Age of Ultron
51%
Yellowjacket Ant-Man
51%
Emil Blonsky / The Abomination The Incredible Hulk
49%
Frigga Thor
49%
Ronan Guardians of the Galaxy
49%
Ego Guardians of the Galaxy Vol. 2
48%
Malekith Thor: The Dark World
46%
MJ Spider-Man: Homecoming
46%
Betty Brant Spider-Man: Far From Home
44%
Erik Selvig Thor
44%
Wong Doctor Strange
44%
Captain Marvel Captain Marvel
40%
Alexander Pierce Captain America: The Winter Soldier
37%
Ancient One Doctor Strange
37%
Justin Hammer Iron Man 2
37%
Killmonger Black Panther
37%
Vulture Spider-Man: Homecoming
35%
Crossbones Captain America: The Winter Soldier
33%
Hela Thor: Ragnarok
33%
Sharon Carter Captain America: The Winter Soldier
33%
Valkyrie Thor: Ragnarok
33%
Aldrich Killian Iron Man 3
32%
The Collector Thor: The Dark World
32%
Betty Ross The Incredible Hulk
30%
Fandral Thor
30%
Volstagg Thor
30%
Dormammu Doctor Strange
27%
Laufey Thor
27%
Aunt May Spider-Man: Homecoming
25%
Hogun Thor
25%
Okoye Black Panther
25%
Mysterio Spider-Man: Far From Home
24%
Cassie Lang Ant-Man
22%
M'Baku Black Panther
22%
Janet van Dyne Ant-Man
21%
Kaecilius Doctor Strange
21%
Luis Ant-Man
21%
Mordo Doctor Strange
21%
Harley Keener Iron Man 3
19%
Helmut Zemo Captain America: Civil War
19%
Grandmaster Thor: Ragnarok
16%
Korath Guardians of the Galaxy
16%
Korg Thor: Ragnarok
16%
Ebony Maw Avengers: Infinity War
14%
Nakia Black Panther
14%
Ghost Ant-Man and the Wasp
13%
Taserface Guardians of the Galaxy Vol. 2
13%
Ulysses Klaue Avengers: Age of Ultron
13%
Miek Thor: Ragnarok
11%
Proxima Midnight Avengers: Infinity War
11%
Shocker Spider-Man: Homecoming
11%
Skurge Thor: Ragnarok
11%
Christine Palmer Doctor Strange
10%
Corvus Glaive Avengers: Infinity War
10%
Maggie Lang Ant-Man
10%
Ramonda Black Panther
10%
Bill Foster Ant-Man and the Wasp
8%
Cull Obsidian Avengers: Infinity War
6%
Everett Ross Black Panther
6%
Yon-Rogg Captain Marvel
6%
Eitri Avengers: Infinity War
5%
Jim Paxton Ant-Man
5%
Flash Thompson Spider-Man: Homecoming
3%
Goose Captain Marvel
3%
Jimmy Woo Ant-Man and the Wasp
3%
Minn-Erva Captain Marvel
2%
Talos Captain Marvel
2%
Julius Dell Spider-Man: Far From Home
0%
Maria Rambeau Captain Marvel
0%
Monica Rambeau Captain Marvel
0%
Shrui Black Panther
0%
Sonny Burch Ant-Man and the Wasp
0%
Supreme Intelligence Captain Marvel
0%
No matching quizzes found
Score Distribution
Percent of People with Each Score
Percentile by Number Answered
Your Score History
You have not taken this quiz